| 000 | 00625nam a2200205Ia 4500 | ||
|---|---|---|---|
| 005 | 20250520133515.0 | ||
| 008 | 250103s9999 xx 000 0 und d | ||
| 020 |
_a9781284120240 _qpbk |
||
| 041 | _aeng | ||
| 082 | _a362.1 MCL | ||
| 100 | _aMcLaughlin, P. Curtis | ||
| 245 | 0 |
_aHealth Policy Analysis _b: an interdiasciplinary approach _c/ Curtis P. McLaughlin ; Craig D. McLaumglin |
|
| 250 | _a3rd ed. | ||
| 260 |
_bJones & Bartlett, _c2019. _aBurlington : |
||
| 300 |
_a309p. ; _c23cm. |
||
| 504 | _aindex | ||
| 650 | _aSocial welfare problems & services | ||
| 700 | _a; McLaumglin, Craig D. | ||
| 942 | _cENGLISH | ||
| 999 |
_c567848 _d567848 |
||